|
|
|
|
| LEADER |
00000nab a2200000ua 4500 |
| 001 |
vtls010763699 |
| 003 |
SK-MaSNL |
| 005 |
20260304200756.0 |
| 008 |
250718s xo |||||||||||||||||slo| |
| 035 |
|
|
|a (urnnbn)urn:nbn:sk:snk:ar-a037if
|
| 035 |
|
|
|a (uuid)1327aca8-bcf0-4ee5-bab5-b2014f19b7c0
|
| 035 |
|
|
|a urn:nbn:sk:snk-ab5452
|
| 040 |
|
|
|a SNKBUCL
|b slo
|c SNKBUCL
|e AACR2
|
| 041 |
0 |
|
|a cze
|
| 044 |
|
|
|a xo
|c SK
|
| 100 |
1 |
|
|a Mikula, M.
|4 aut
|9 740737
|
| 245 |
1 |
0 |
|a CHRONICKÝ ZÁNĚT PŘÍUŠNIC U DĚTÍ
|c M. Mikula
|
| 773 |
0 |
|
|t Bratislavské lekárske listy
|g Roč. 4, č. 4 (1924-1925), s. [113]-120
|
| 850 |
|
|
|a Slovenská národná knižnica
|
| 852 |
|
|
|a Slovenská národná knižnica
|
| 954 |
|
|
|a odborná, vedecká literatúra cudzojazyčná (svetová)
|2 lita
|
| 958 |
|
|
|a article3
|
| 958 |
|
|
|a OND
|
| 958 |
|
|
|a EUIPO
|
| 999 |
|
|
|c 3090888
|d 3092818
|